000 00505nam a22002177a 4500
003 UA-OsUOA
001 110147
007 ta
008 20150224b un ||||| |||| 00| 0 ukr d
100 _aГожий А.
090 _a32
_bГ59
942 _cSA
040 _aUA-OsUOA
_bukr
_cUA-OsUOA
_dUA-OsUOA
245 _aЩе раз про місце України в Єропі
300 _aС.13
955 _a0
041 _aukr
080 _a32
773 0 _w110145
650 7 _a32 Політика
_2UDC
999 _c396200
_d396200